|
|
|
|
| LEADER |
01449nam a2200265 a 4500 |
| 001 |
GR-MES14855 |
| 008 |
051013s1999 gr b 001 0 gre d |
| 020 |
|
|
|a 9600213542
|
| 040 |
|
|
|a GrPaTEI
|b gre
|c GR-PaULI
|
| 040 |
|
|
|a GrPaTEI
|b gre
|c GR-PaULI
|
| 082 |
|
0 |
|a 351.495
|2 21
|
| 100 |
1 |
|
|a Μακρυδημήτρης, Αντώνιος,
|d 1955-
|
| 245 |
1 |
2 |
|a Ο μεγάλος ασθενής :
|b Η μεταρρύθμιση και ο εκσυγχρονισμός της δημόσιας διοίκησης /
|c Αντώνης Μακρυδημήτρης ; Προλογίζουν Προκόπης Παυλόπουλος, Γιώργος Αλογοσκούφης.
|
| 260 |
|
|
|a Αθήνα :
|b Παπαζήσης,
|c 1999
|
| 300 |
|
|
|a 412 σ. :
|b πίν. ;
|c 21 εκ.
|
| 504 |
|
|
|a Περιλαμβάνει βιβλιογραφία και ευρετήριο.
|
| 650 |
|
4 |
|a Δημόσια διοίκηση
|z Ελλάς
|
| 650 |
|
4 |
|a Τοπική αυτοδιοίκηση
|
| 651 |
|
4 |
|a Ελλάδα
|x Δημόσια διοίκηση
|
| 700 |
1 |
|
|a Αλογοσκούφης, Γιώργος,
|d 1955-
|
| 700 |
1 |
|
|a Παυλόπουλος, Προκόπης Β.
|
| 942 |
|
|
|2 ddc
|
| 952 |
|
|
|0 0
|1 0
|2 ddc
|4 0
|6 351_495000000000000_ΜΑΚ
|7 0
|9 272734
|a MSLG
|b MSLG
|c BSC
|d 2021-01-17
|e 24
|f 0
|g 0.00
|l 0
|o 351.495 ΜΑΚ
|p 2420000023380
|r 2021-01-17 00:00:00
|t 1
|w 2021-01-17
|y BK15
|x 20090305 0 ΤΣΑΝΤΑΡΛΙΩΤΗ 1
|x GrPaTEI
|
| 971 |
|
|
|a .b25809040
|b 08-10-20
|c 13-09-16
|
| 999 |
|
|
|c 157784
|d 157784
|